PEACE, security and development in Nigeria

Saved in:
Bibliographic Details
Format: Book
Language:English
Published: Institute of African Studies, University of Ibadan 2012.
Tags: Add Tag
No Tags, Be the first to tag this record!

MARC

LEADER 00000nam a22000007a 4500
008 210920b ||||| |||| 00| 0 eng d
020 |a 978-2188-13-1 
245 |a PEACE, security and development in Nigeria  |c edited by Isaac Olawale Albert, Willie Aziegbe Eselebor, Nathaniel D. Danjibo.  |g x, 529p. : ill. 
250 |c  Isaac Olawale Albert, Willie Aziegbe Eselebor, Nathaniel D. Danjibo. 
260 |b Institute of African Studies, University of Ibadan  |c 2012.   |h Ibadan  |i 695958   |l DT515.23 . P32  |m Conflict management – Nigeria.  |m Peace.   |m National security – Nigeria  |m Economic development – Nigeria  |m Nigeria – Politics and government – 1960-  
500 |a “It includes references and index” 
942 |a lcc  |c BK  |e YUNUSA, A.A.  |f 20/9/21 
952 |0 0  |1 0  |2 lcc  |4 0  |6 DT051523 P32  |7 0  |9 3595  |a HOL  |b HOL  |c AF  |d 2021-09-20  |l 0  |o DT515.23 . P32  |p 2021-67334  |r 2021-09-20 00:00:00  |w 2021-09-20  |y BK 
999 |c 1781  |d 1781